Divi Aurelii Augustini Hippon episcopi Meditationes : soliloquia et manuale /

Obra que reúne las meditaciones de tres santos del período medieval: Agustín de Hipona, Anselmo de Canterbury y Bernardo de Claraval.

Guardado en:
Detalles Bibliográficos
Autor principal: Agustín, Santo (autor)
Otros autores: Anselmo, de Canterbury, Santo Santo, Bernardo, de Claraval, Santo Santo
Formato: Libro
Idioma:latín
Temas:
Etiquetas: Agrega una etiqueta
Sin etiquetas, Sé el primero en etiquetar este registro!

MARC

LEADER 00000nam^a2200000^a^4500
001 000380728
005 20250526000000.0
009 20260310120619.716
037 |a Acervo Xavier Clavigero 
041 |a LAT 
082 |a 189. 2  |b AGU OBR MED 
100 |a Agustín,  |c Santo  |e (autor) 
240 1 1 |a [Meditaciones de San Agustín] 
245 1 0 |a Divi Aurelii Augustini Hippon episcopi Meditationes :  |b soliloquia et manuale /  |c San Agustín. 
264 |a Venecia, Italia :  |b Nicolaum Pezzana,  |c 1747 
300 |a 368 p. ;  |c 12.5 cm. 
336 |a texto  |b txt  |2 rdacontenido 
337 |a sin mediación  |b n  |2 rdamedio 
338 |a volumen  |b nc  |2 rdasoporte 
520 |a Obra que reúne las meditaciones de tres santos del período medieval: Agustín de Hipona, Anselmo de Canterbury y Bernardo de Claraval. 
545 0 |a San Agustín (354-430), obispo de Hipona, teólogo, filósofo y Padre de la Iglesia, nacido en Tagaste (Numidia), Argelia. Estudió gramática y literatura latina; enseñó retórica en Cartago, Tagaste, Roma y Milán. Fue un defensor del maniqueísmo, hasta antes de su conversión al cristianismo en el año 387. Basado en la doctrina cristiana y el neoplatonismo orienta su búsqueda de la verdad, que la encuentra en la interioridad del hombre, pues desde esa interioridad se llega a las verdades eternas y a Dios. La clave de su planteamiento está en la relación alma-Dios, teniendo al mundo exterior como mediador. Sus obras consideradas de mayor relevancia son Las confesiones, La ciudad de Dios y Sobre la Trinidad. 
561 |a Ex libris de Biblioteca Magnopontana San José Provincia Mexicana Septentrional S.J. 
561 |a Ex libris de Francisco Garnica Ríos 
561 |a Ex libris de Instituto de Literatura Puente Grande, Jal. 
561 |a Ex libris de Biblioteca Juniorado San José 
649 |a XX 
650 |a Meditación -  |x Tema Principal 
650 |a Misticismo 
650 |a Vida Espiritual 
650 |a Espiritualidad 
650 |a Cristianismo 
650 |a Neoplatónicos 
650 |a Patrística 
650 |a Filosofía y Religión 
650 |a Filosofía Medieval 
650 |a Religión 
740 0 |a Meditationum B. Anselmi :  |b de redemtione generis humani /  |c A. de Canterbury. 
740 0 |a Meditationum D. Bernardi :  |b in idiotae comtemplationes de amore divino /  |c B. de Claraval. 
700 |a Anselmo, de Canterbury,  |e Santo 
700 |a Bernardo, de Claraval,  |e Santo 
910 |a Fondo General 
920 |a Impresos - Libros 
930 |a Libros Antiguos y Raros 
905 |a 108 
901 |a 0500275529  |b IT2  |c LRA  |u 20250526 
902 |a https://opac.biblio.iteso.mx/vufind/Record/000380728